00511nam a22001577a 4500999001900000003000400019082002000023245002600043260006500069300001000134546001200144650001800156700005000174942001300224952011600237 c196443d196443OSt aIISR/AR 2018-19 aAnnual report 2018-19 aLucknowbICAR- Indian Institute of Sugarcane Research c2019 a134p. aEnglish aannual report aICAR- Indian Institute of Sugarcane Research  2ddccREP 00102ddc40708REFaKAUCLVbKAUCLVcREPORTSd2022-01-24l0oIISR/AR 2018-19p811683r2022-01-24 00:00:00yREP